International Blocs : UPSC - Statistics

General Stats
  • This quiz has been taken 14 times
  • The average score is 35 of 48
Answer Stats
OPEC Answer % Correct
Brazil
100%
2001 China
100%
SCO China
100%
2017 India
100%
BRICS India
100%
1997 India
100%
2001 Russia
100%
Russia
100%
1967 Indonesia
92%
2025 Indonesia
92%
1960 Saudi Arabia
92%
1967 Singapore
92%
2010 South Africa
92%
1984 Brunei
85%
1999 Cambodia
85%
1997 Laos
85%
1997 Myanmar
85%
1997 Myanmar
85%
2017 Pakistan
85%
1967 UAE
85%
2024 UAE
85%
1995 Vietnam
85%
1997 Bangladesh
77%
1960 Iran
77%
2023 Iran
77%
2024 Iran
77%
1967 Malaysia
77%
1967 Philippines
77%
1967 Thailand
77%
1997 Thailand
77%
2004 Bhutan
69%
2001 Kazakhstan
69%
2004 Nepal
69%
1997 Srilanka
69%
1960 Venezuela
69%
2024 Egypt
62%
1960 Iraq
62%
2001 Kyrgyzstan
62%
2001 Tajikistan
62%
1960 Kuwait
54%
2001 Uzbekistan
54%
1969 Algeria
46%
1962 Libya
38%
2024 Ethiopia
31%
1971 Nigeria
31%
2017 Equitorial Guinea
15%
1975 - 1995, Since 2016 Gabon
15%
2018 Republic of Congo
15%
No matching quizzes found
Score Distribution
Percent of People with Each Score
Percentile by Number Answered
Your Score History
You have not taken this quiz